Normal view
MARC view
- Architecture
Entry Topical Term
001 - CONTROL NUMBER
- control field: 32612
003 - CONTROL NUMBER IDENTIFIER
- control field: NUST
005 - DATE AND TIME OF LATEST TRANSACTION
- control field: 20201019100330.0
008 - FIXED-LENGTH DATA ELEMENTS
- fixed length control field: 201019|| aca||aabn | a|a d
040 ## - CATALOGING SOURCE
- Original cataloging agency: NUST
- Transcribing agency: NUST
150 ## - HEADING--TOPICAL TERM
- Topical term or geographic name entry element: Architecture
- Geographic subdivision: Iran
- General subdivision: History
- Chronological subdivision: 20th century
- General subdivision: Designs and plans
670 ## - SOURCE DATA FOUND
- Source citation: Work cat.: (NUST)324: Diba, Kamran. 32611, Buildings and projects /, c1981.
